| 000 | 00851nas a2200265 4500 | ||
|---|---|---|---|
| 001 | BR9802447 | ||
| 003 | BR-BrBNA | ||
| 005 | 20231205100739.0 | ||
| 007 | ta | ||
| 008 | 230509b bl.|||p| |||| 00| 00por d | ||
| 040 |
_aBR-BrBNA _bpor _cBiblioteca Nacional de Agricultura |
||
| 041 | _a(Pt) | ||
| 072 | _aF02; F30 | ||
| 100 | 1 | _aGenu, P.J. de C. | |
| 100 | 1 | _aPinto, A.C. de Q. | |
| 100 | 1 | _aRamos, V.H.V. | |
| 245 | 1 | _aComportamento de seis porta-enxertos para laranjeira "pera", em condicoes de cerrado do Distrito Federal | |
| 650 | _aLaranja Pera | ||
| 650 | _aPorta Enxerto | ||
| 650 | _aComportamento de Variedade | ||
| 650 | _aDistrito Federal | ||
| 773 | 0 |
_tRevista Brasileira de Fruticultura (Brazil) _xISSN 0100-2945 _g(1991), v. 13(1) p. 183-190 _wBR9802447 |
|
| 909 |
_a202311 _bLúcia _c55 _dLúcia Elande |
||
| 942 |
_2AGRIS _n0 _cANA |
||
| 999 |
_c157835 _d157835 |
||